00738nam a2200157Ia 450000500170000000800410001708200190005810000170007724500510009426001010014530000110024650002070025794200060046495200950047099900150056520250220033255.0240331s9999 xx 000 0 und d bNAH26810a950 aNahiya, A. M 0aYaanarintha Paeraasaan - Karthigesu Sivathamby aDehiwelabColombo Branch of the Old Students' Association of Vigneswara College, Karaveddyc2012 a48 p., aA remembrance for the late Professor Karthigesu Sivathamby by the Old Students' Association of his school, Vigneswara College, Karaveddy, honouring him for all the great things he has done in his life.  cL 001040708LaWERCLbWERCLcSSCd2024-03-31l0o 950 NAHp6810r2024-03-31w2024-03-31yL c5808d5808